[Event "Deutschland Grand Prix 2022"]
[Site "Dortmund"]
[Date "18.07.2022"]
[Round "2"]
[White "Navara, David"]
[Black "McShane, Luke J"]
[Result "0-1"]
[WhiteTitle "GM"]
[BlackTitle "GM"]
[WhiteElo "2688"]
[BlackElo "2649"]
[ePGN "0.1;DGT LiveChess/2.2.5"]

1. d4 Nf6 2. c4 e6 3. Nf3 Bb4+ 4. Nbd2 O-O 5. a3 Be7 6. g3 b6 7. Bg2 Bb7 8.
O-O c5 9. d5 exd5 10. Nh4 g6 11. cxd5 Bxd5 12. e4 Bc6 13. e5 Ne8 14. Qg4
Bxg2 15. Kxg2 Bxh4 16. gxh4 d5 17. exd6 Nxd6 18. Nf3 h5 19. Qf4 Nf5 20. Qe4
Qc7 21. b4 Nc6 22. bxc5 bxc5 23. Re1 Qd7 24. Bg5 Rae8 25. Rad1 Ncd4 26. Ne5
Rxe5 27. Qxe5 f6 28. Qxc5 Rc8 29. Re7 Nxe7 0-1

[Event "Deutschland Grand Prix 2022"]
[Site "Dortmund"]
[Date "18.07.2022"]
[Round "2"]
[White "Svane, Rasmus"]
[Black "Deac, Bogdan-Daniel"]
[Result "1/2-1/2"]
[WhiteTitle "GM"]
[BlackTitle "GM"]
[WhiteElo "2649"]
[BlackElo "2692"]

1. d4 Nf6 2. Nf3 d5 3. c4 e6 4. g3 Be7 5. Bg2 O-O 6. Nc3 dxc4 7. Ne5 Qd6 8.
Nxc4 Qa6 9. Ne5 Rd8 10. Qc2 Nbd7 11. Bf4 Nh5 12. Be3 c5 13. Nd3 c4 14. Ne5
Nhf6 15. O-O Nxe5 16. dxe5 Nd5 17. Nxd5 exd5 18. Rad1 Be6 19. a3 b5 20. Bd4
g6 21. e4 Rd7 22. exd5 Bxd5 23. Bxd5 Rxd5 24. Bc3 Rad8 25. Rxd5 Rxd5 26.
Rd1 Qc6 27. Qe2 Bc5 28. Rxd5 Qxd5 29. Qg4 Qc6 30. Qh4 Bb6 31. Qe7 h5 32.
Bd4 Bxd4 33. Qd8+ Kh7 34. Qxd4 a5 35. Qa7 Qd5 36. Qxa5 Qd1+ 37. Kg2 Qd5+
38. Kg1 Qd1+ 39. Kg2 Qd5+ 1/2-1/2

[Event "Deutschland Grand Prix 2022"]
[Site "Dortmund"]
[Date "18.07.2022"]
[Round "2"]
[White "L'Ami, Erwin"]
[Black "Eljanov, Pavel"]
[Result "0-1"]
[WhiteTitle "GM"]
[BlackTitle "GM"]
[WhiteElo "2634"]
[BlackElo "2681"]
[WhiteClock "00:18:26"]
[BlackClock "00:17:25"]

1. d4 Nf6 2. c4 e6 3. Nf3 d5 4. g3 Bb4+ 5. Bd2 Be7 6. Bg2 c6 7. Qc2 Nbd7 8.
O-O b6 9. Bf4 Bb7 10. Nbd2 c5 11. dxc5 Bxc5 12. Ne5 Nxe5 13. Bxe5 O-O 14.
Rad1 Rc8 15. b3 Ng4 16. Ba1 Qe7 17. Qb2 Nf6 18. Qe5 Ba6 19. cxd5 exd5 20.
Bf3 Qxe5 21. Bxe5 Rfe8 22. Bxf6 gxf6 23. Rfe1 Bb4 24. a3 Bc3 25. Bxd5 f5
26. e4 Bd3 27. f3 b5 28. Nf1 fxe4 29. fxe4 Bc2 30. Kf2 Kf8 31. h4 Bxe1+ 32.
Rxe1 Rc3 33. Rc1 Rec8 34. Nd2 a5 35. a4 bxa4 36. bxa4 R8c5 37. Ra1 f5 38.
Kg2 Bd3 39. Kf2 Ke7 40. Re1 Kf6 41. Re3 Bc2 42. e5+ Ke7 43. Bg8 Rxe3 44.
Kxe3 Rxe5+ 45. Kd4 Re2 46. Nc4 Bb3 0-1

[Event "Deutschland Grand Prix 2022"]
[Site "Dortmund"]
[Date "19.07.2022"]
[Round "3"]
[White "Deac, Bogdan-Daniel"]
[Black "L'Ami, Erwin"]
[Result "1/2-1/2"]
[WhiteElo "2692"]
[BlackElo "2634"]
[PlyCount "135"]
[EventDate "2022.??.??"]

1. e4 c5 2. Nf3 Nc6 3. Bb5 d6 4. O-O Bd7 5. Re1 Nf6 6. c3 a6 7. Bf1 Bg4 8. h3
Bxf3 9. Qxf3 e6 10. d3 Be7 11. Nd2 O-O 12. g3 b5 13. Qd1 b4 14. Nf3 Qa5 15. Bd2
Qb6 16. Qa4 a5 17. Be3 Rab8 18. Rab1 Rfc8 19. Nd2 d5 20. f4 Qd8 21. Rbc1 Nd7
22. Nf3 Nb6 23. Qd1 Rb7 24. Bf2 Rd7 25. Qe2 a4 26. c4 dxc4 27. dxc4 Nd4 28.
Bxd4 cxd4 29. Red1 d3 30. Rxd3 Rxd3 31. Qxd3 Qc7 32. Qc2 Bc5+ 33. Kg2 a3 34.
bxa3 bxa3 35. e5 Nd7 36. Rb1 g6 37. Rb3 Qc6 38. Be2 Be7 39. Qd1 Ra8 40. Qc1 Rd8
41. Qe3 Bc5 42. Qd2 Qc7 43. Rd3 Be7 44. h4 Nc5 45. Rxd8+ Bxd8 46. Qd6 Qxd6 47.
exd6 Kf8 48. Nd4 Ke8 49. Nb5 Kd7 50. h5 f5 51. hxg6 hxg6 52. Nxa3 Kxd6 53. Nb5+
Kd7 54. Bf3 g5 55. fxg5 Bxg5 56. g4 fxg4 57. Bxg4 Bf6 58. Kf3 Na4 59. Ke3 Nc3
60. Nd4 Bxd4+ 61. Kxd4 Nxa2 62. Kc5 Kc7 63. Bf3 Nc1 64. Kd4 Nb3+ 65. Ke5 Nd2
66. Be2 Nxc4+ 67. Bxc4 Kb8 68. Kxe6 1/2-1/2

[Event "Deutschland Grand Prix 2022"]
[Site "Dortmund"]
[Date "19.07.2022"]
[Round "3"]
[White "Bluebaum, Matthias"]
[Black "Navara, David"]
[Result "1/2-1/2"]
[WhiteElo "2673"]
[BlackElo "2688"]
[PlyCount "57"]
[EventDate "2022.??.??"]

1. d4 d5 2. c4 c6 3. Nf3 Nf6 4. Qc2 g6 5. e3 Bg7 6. Nc3 O-O 7. h3 c5 8. dxc5
Na6 9. cxd5 Nxd5 10. Nxd5 Qxd5 11. Bxa6 bxa6 12. e4 Qc6 13. O-O Rb8 14. Rb1 Rb4
15. Re1 Bb7 16. Bd2 Rxe4 17. Rxe4 Qxe4 18. Qxe4 Bxe4 19. Re1 Bd5 20. Rxe7 Bxb2
21. Bf4 Rc8 22. Bd6 Ba3 23. Rxa7 Bxc5 24. Bxc5 Rxc5 25. Rxa6 Rc1+ 26. Kh2 Rc2
27. Kg3 Rxa2 28. Rxa2 Bxa2 29. Nd4 1/2-1/2

[Event "Deutschland Grand Prix 2022"]
[Site "Dortmund"]
[Date "19.07.2022"]
[Round "3"]
[White "McShane, Luke J"]
[Black "Svane, Rasmus"]
[Result "1/2-1/2"]
[WhiteElo "2649"]
[BlackElo "2649"]
[PlyCount "99"]
[EventDate "2022.??.??"]

1. e4 e5 2. Nf3 Nc6 3. Bb5 a6 4. Ba4 Nf6 5. O-O Be7 6. Bxc6 dxc6 7. d3 Bd6 8.
Nbd2 Be6 9. b3 Nd7 10. Bb2 Qe7 11. d4 f6 12. Qe2 O-O-O 13. Rfe1 Rhe8 14. c3
exd4 15. cxd4 f5 16. a3 fxe4 17. Nxe4 Bf4 18. Qc2 Qf8 19. Nc5 Nxc5 20. dxc5 g6
21. b4 Bd5 22. Qc3 Qf5 23. h3 h5 24. Nh4 Qf7 25. Qf6 g5 26. Ng6 Bd2 27. Re7
Qxf6 28. Bxf6 Be4 29. Rg7 Rd3 30. Ne7+ Kb8 31. f3 Bd5 32. Be5 Ka8 33. Kh2 Re3
34. Nxd5 cxd5 35. Rd1 R8xe5 36. Rxd2 c6 37. h4 gxh4 38. Rd4 Rxa3 39. Rg8+ Ka7
40. Rf4 Re7 41. Rff8 b5 42. f4 Rg3 43. Ra8+ Kb7 44. Rgb8+ Kc7 45. Rh8 Kb7 46.
f5 Re2 47. Rab8+ Ka7 48. Ra8+ Kb7 49. Rab8+ Ka7 50. Ra8+ 1/2-1/2

[Event "Deutschland Grand Prix 2022"]
[Site "Dortmund"]
[Date "20.07.2022"]
[Round "4"]
[White "Eljanov, Pavel"]
[Black "Deac, Bogdan-Daniel"]
[Result "1/2-1/2"]
[WhiteElo "2681"]
[BlackElo "2692"]
[PlyCount "166"]
[EventDate "2022.??.??"]

1. Nf3 d5 2. e3 c5 3. b3 Nf6 4. Bb2 e6 5. g3 Be7 6. Bg2 O-O 7. O-O b6 8. c4 Bb7
9. Nc3 Qc8 10. cxd5 Nxd5 11. Nxd5 Bxd5 12. Qe2 Rd8 13. Rfd1 Qb7 14. d3 Nd7 15.
Rac1 a5 16. e4 Bc6 17. Re1 Rac8 18. d4 Bf8 19. Rcd1 Nf6 20. Ne5 cxd4 21. Nxc6
Qxc6 22. Rxd4 Rxd4 23. Bxd4 a4 24. Rd1 axb3 25. axb3 Rd8 26. Be3 Rxd1+ 27. Qxd1
Nd7 28. Qc1 Qb5 29. Qc8 Nc5 30. Bg5 f6 31. Be3 Qxb3 32. Bf1 Kf7 33. Qc7+ Be7
34. e5 Qb1 35. exf6 gxf6 36. h4 Ne4 37. Kg2 Nd6 38. Be2 Qf5 39. Bxb6 Ne8 40.
Qa7 Ng7 41. Bf3 Qb5 42. Be3 Nf5 43. Bf4 Qd3 44. Qb7 Qd8 45. Qe4 Qd7 46. Bg4 Bf8
47. h5 Kg8 48. Kh2 Ng7 49. Bf3 f5 50. Qe5 Ne8 51. Be2 Bd6 52. Qd4 Qe7 53. Be3
Qf6 54. Qa4 Qf7 55. Kg2 Nf6 56. Qa8+ Qe8 57. Qa6 Bf8 58. Bc4 Kf7 59. Qb7+ Qd7
60. Qf3 Nd5 61. Bd2 Qc6 62. Bb3 Ne7 63. Qxc6 Nxc6 64. Bc3 Bd6 65. f3 Ne5 66.
Bd2 Nd3 67. Bc4 Bb4 68. Bg5 Ne5 69. Be2 Nd7 70. g4 Nf6 71. Bc1 Bd6 72. Bd1 Nd5
73. gxf5 Bf4 74. Bxf4 Nxf4+ 75. Kg3 Nxh5+ 76. Kh4 Ng7 77. fxe6+ Nxe6 78. Bb3
Kf6 79. Bxe6 Kxe6 80. Kg5 Kf7 81. Kh6 Kf6 82. f4 Kf5 83. Kxh7 Kxf4 1/2-1/2

[Event "Deutschland Grand Prix 2022"]
[Site "Dortmund"]
[Date "20.07.2022"]
[Round "4"]
[White "L'Ami, Erwin"]
[Black "McShane, Luke J"]
[Result "1/2-1/2"]
[WhiteElo "2634"]
[BlackElo "2649"]
[PlyCount "171"]
[EventDate "2022.??.??"]

1. d4 Nf6 2. c4 e6 3. Nf3 Bb4+ 4. Bd2 Qe7 5. g3 Nc6 6. Nc3 Bxc3 7. Bxc3 Ne4 8.
Qc2 Nxc3 9. Qxc3 Qb4 10. Kd2 b6 11. Bg2 Bb7 12. Rhd1 Qxc3+ 13. Kxc3 Ne7 14. Ne1
Bxg2 15. Nxg2 d5 16. cxd5 Nxd5+ 17. Kb3 O-O-O 18. Rac1 Rd7 19. Rc2 Kb7 20. Ne1
Ne7 21. Rdc1 f6 22. e3 g5 23. Nf3 h5 24. h4 g4 25. Nd2 e5 26. Ne4 Rf8 27. dxe5
fxe5 28. a3 Nf5 29. Ka2 Rff7 30. Ng5 Rfe7 31. Ne4 Rf7 32. Ng5 Rg7 33. Ne4 Nd6
34. Nc3 Rgf7 35. b3 Ne8 36. Kb2 Nf6 37. Re1 Rd3 38. Rec1 a6 39. Re1 Rfd7 40.
Rf1 R7d6 41. Rfc1 c6 42. Rf1 b5 43. Re2 a5 44. f3 Rd2+ 45. Rxd2 Rxd2+ 46. Kc1
Rd3 47. Kc2 Rxe3 48. fxg4 Nxg4 49. Rf5 Rxg3 50. Rxh5 Rh3 51. a4 b4 52. Ne4 Kb6
53. Rh8 Ne3+ 54. Kb2 Nf5 55. h5 Rh4 56. Nd2 e4 57. Nxe4 Rxe4 58. h6 Nxh6 59.
Rxh6 Kc5 60. Rh2 Kd5 61. Rd2+ Rd4 62. Rh2 Rf4 63. Rd2+ Ke4 64. Rc2 Rf6 65. Rc5
Kd4 66. Rc4+ Kd5 67. Rc2 Rf4 68. Rd2+ Rd4 69. Rh2 c5 70. Rh5+ Kc6 71. Rh6+ Rd6
72. Rh4 Re6 73. Rh2 Re5 74. Rd2 c4 75. bxc4 Kc5 76. Rh2 Kxc4 77. Rh4+ Kc5 78.
Kb3 Re3+ 79. Kb2 Ra3 80. Rh5+ Kb6 81. Rh6+ Kc7 82. Rh5 Rxa4 83. Rh3 Ra3 84.
Rxa3 bxa3+ 85. Kxa3 a4 86. Kxa4 1/2-1/2

[Event "Deutschland Grand Prix 2022"]
[Site "Dortmund"]
[Date "20.07.2022"]
[Round "4"]
[White "Svane, Rasmus"]
[Black "Bluebaum, Matthias"]
[Result "1/2-1/2"]
[WhiteElo "2649"]
[BlackElo "2673"]
[PlyCount "71"]
[EventDate "2022.??.??"]

1. e4 e5 2. Nf3 Nf6 3. Nxe5 d6 4. Nf3 Nxe4 5. d4 d5 6. Bd3 Nc6 7. O-O Be7 8.
Nbd2 Bf5 9. Re1 Nxd2 10. Qxd2 Qd7 11. c3 O-O 12. Bxf5 Qxf5 13. Qf4 Qd7 14. Qg3
Bd6 15. Bf4 Bxf4 16. Qxf4 Rae8 17. h4 h6 18. g3 Nd8 19. Ne5 Qd6 20. Qf3 Re7 21.
Re3 Rfe8 22. Rae1 f6 23. Ng4 c6 24. Qf5 Nf7 25. b3 Rxe3 26. Rxe3 Rxe3 27. Nxe3
Qe7 28. Qc8+ Kh7 29. Qf5+ g6 30. Qf4 h5 31. c4 dxc4 32. bxc4 Qd6 33. Qe4 Qd7
34. Qf4 Qd6 35. Qe4 Qd7 36. Qf4 1/2-1/2

[Event "Deutschland Grand Prix 2022"]
[Site "Dortmund"]
[Date "22.07.2022"]
[Round "5"]
[White "McShane, Luke J"]
[Black "Eljanov, Pavel"]
[Result "1/2-1/2"]
[WhiteTitle "GM"]
[BlackTitle "GM"]
[WhiteElo "2649"]
[BlackElo "2681"]
[ePGN "0.1;DGT LiveChess/2.2.5"]

1. e4 e5 2. Nf3 Nc6 3. Bb5 Nf6 4. O-O Nxe4 5. d4 Nd6 6. Bxc6 dxc6 7. dxe5
Nf5 8. Qxd8+ Kxd8 9. h3 Be7 10. Nc3 Nh4 11. Nxh4 Bxh4 12. Re1 h5 13. Ne2
Be7 14. Bd2 Bd7 15. Rad1 Ke8 16. e6 Bxe6 17. Nd4 Bf6 18. Nxe6 fxe6 19.
Rxe6+ Kf7 20. Rde1 Rhd8 21. Bc3 Bxc3 22. Re7+ Kf8 23. bxc3 Rd1 24. Rxd1
Kxe7 25. g4 a5 26. f4 a4 27. Kf2 Ra5 28. Rd4 c5 29. Re4+ Kf7 30. gxh5 a3
31. Kf3 Rb5 32. Ra4 Rb2 33. Rxa3 Rxc2 34. Ra7 Rxc3+ 35. Kg4 b5 36. Rxc7+
Kg8 37. h4 c4 38. Rb7 Ra3 39. Rxb5 Rxa2 40. Rc5 Rc2 41. h6 gxh6 42. Kf5 c3
43. h5 Rc1 44. Kf6 c2 45. Rc8+ Kh7 46. Rc7+ Kg8 47. Rc8+ Kh7 48. f5 Ra1 49.
Rc7+ Kg8 50. Rc8+ Kh7 51. Rxc2 Ra6+ 52. Ke5 Ra5+ 53. Ke4 Ra4+ 54. Kd5 Kg7
55. Rc6 Ra1 56. Rg6+ Kf7 57. Rxh6 Rd1+ 58. Ke5 Re1+ 59. Kd5 Rd1+ 60. Ke5
1/2-1/2

[Event "Deutschland Grand Prix 2022"]
[Site "Dortmund"]
[Date "22.07.2022"]
[Round "5"]
[White "Navara, David"]
[Black "Svane, Rasmus"]
[Result "1/2-1/2"]
[WhiteTitle "GM"]
[BlackTitle "GM"]
[WhiteElo "2688"]
[BlackElo "2649"]

1. e4 e5 2. Nf3 Nc6 3. Bc4 Bc5 4. d3 Nf6 5. O-O d6 6. c3 a5 7. Re1 Ba7 8.
Nbd2 O-O 9. Nf1 Be6 10. Bb5 Ne7 11. Ng3 Ng6 12. h3 c6 13. Ba4 d5 14. exd5
Nxd5 15. d4 exd4 16. Nxd4 Qc7 17. Ne4 Rfe8 18. Bd2 Bxd4 19. cxd4 Ndf4 20.
Bc2 Bd5 21. Qg4 f5 22. Bxf4 Qxf4 23. Qxf4 Nxf4 24. Nd6 Rxe1+ 25. Rxe1 Nxg2
26. Re7 g6 27. Nxb7 Ra7 28. Bb3 Bxb3 29. axb3 Nh4 30. Re8+ Kf7 31. Nd6+ Kf6
32. Re3 Rd7 33. Nc4 Rxd4 34. Nxa5 Rd1+ 35. Kh2 Rd2 36. Kg1 Rd1+ 37. Kh2 c5
38. Nb7 Rf1 39. Nxc5 f4 40. Nd7+ Kg5 41. Re5+ Nf5 42. Kg2 Rd1 43. Nc5 Kf6
44. Re6+ Kf7 45. Rb6 Nh4+ 46. Kh2 h6 47. b4 Nf3+ 48. Kg2 Nh4+ 49. Kh2 Nf3+
50. Kg2 Nh4+ 1/2-1/2

[Event "Deutschland Grand Prix 2022"]
[Site "Dortmund"]
[Date "23.07.2022"]
[Round "6"]
[White "Deac, Bogdan-Daniel"]
[Black "McShane, Luke J"]
[Result "1-0"]
[WhiteElo "2692"]
[BlackElo "2649"]
[PlyCount "113"]
[EventDate "2022.??.??"]

1. d4 Nf6 2. c4 e6 3. Nc3 Bb4 4. e3 O-O 5. Bd3 d5 6. a3 Bxc3+ 7. bxc3 dxc4 8.
Bxc4 c5 9. Nf3 Qc7 10. Be2 Nc6 11. Bb2 Rd8 12. Qc2 Bd7 13. O-O Rac8 14. Rac1
Ne7 15. Bd3 Ng6 16. Qe2 Bc6 17. Nd2 e5 18. g3 h5 19. e4 cxd4 20. cxd4 exd4 21.
f4 h4 22. Nf3 hxg3 23. hxg3 Qb6 24. Ng5 Bb5 25. Rcd1 Nf8 26. Rd2 Rc3 27. Bxb5
Rxg3+ 28. Kh2 d3 29. Qd1 Qe3 30. Bxf6 gxf6 31. Rf3 Rxf3 32. Nxf3 Ng6 33. f5
Qh6+ 34. Kg1 Qe3+ 35. Kh1 Ne5 36. Nxe5 fxe5 37. Qg1+ Qxg1+ 38. Kxg1 Rd4 39.
Bxd3 Ra4 40. Ra2 b5 41. Bxb5 Rxe4 42. Re2 Rxe2 43. Bxe2 Kg7 44. Kf2 Kf6 45. Bd3
Ke7 46. Kf3 f6 47. Kg4 Kf7 48. Kh5 Kg7 49. Bb5 Kh7 50. Be8 Kg7 51. Bg6 a6 52.
a4 a5 53. Be8 Kf8 54. Bb5 Kg7 55. Bc6 Kh7 56. Be8 Kg7 57. Bg6 1-0

[Event "Deutschland Grand Prix 2022"]
[Site "Dortmund"]
[Date "23.07.2022"]
[Round "6"]
[White "Eljanov, Pavel"]
[Black "Bluebaum, Matthias"]
[Result "1-0"]
[WhiteElo "2681"]
[BlackElo "2673"]
[PlyCount "105"]
[EventDate "2022.??.??"]

1. Nf3 d5 2. g3 Bg4 3. Bg2 e6 4. h3 Bh5 5. O-O Nf6 6. c4 c6 7. Qb3 Qb6 8. d3
Be7 9. Be3 Qxb3 10. axb3 Bxf3 11. Bxf3 a6 12. Bd4 Nbd7 13. Bc3 O-O 14. b4 Bd6
15. Nd2 e5 16. Nb3 dxc4 17. dxc4 e4 18. Bg2 Be5 19. Rfd1 Rfe8 20. Bxe5 Rxe5 21.
c5 Kf8 22. Na5 Rb8 23. Rd4 Ke7 24. Rad1 Nf8 25. Rd6 Re6 26. R1d4 Ke8 27. Nc4
Ke7 28. Na5 Ke8 29. Rxe6+ Nxe6 30. Rc4 e3 31. fxe3 Nd7 32. h4 f5 33. Bh3 g6 34.
e4 Ne5 35. Rc3 Nd4 36. Kf2 Ke7 37. exf5 Nxf5 38. g4 Nh6 39. Re3 Nhf7 40. Nc4
Ke6 41. g5+ Kd5 42. Nb6+ Kd4 43. Ra3 h5 44. e3+ Ke4 45. Ke2 Ng4 46. Nd7 Rd8 47.
Rd3 Kf5 48. Rd4 Re8 49. Rf4+ Ke6 50. Nf6 Rh8 51. Nxg4 hxg4 52. Bxg4+ Ke7 53.
Re4+ 1-0

[Event "Deutschland Grand Prix 2022"]
[Site "Dortmund"]
[Date "23.07.2022"]
[Round "6"]
[White "L'Ami, Erwin"]
[Black "Navara, David"]
[Result "1/2-1/2"]
[WhiteElo "2634"]
[BlackElo "2688"]
[PlyCount "76"]
[EventDate "2022.??.??"]

1. Nf3 c5 2. c4 Nc6 3. Nc3 Nf6 4. g3 d5 5. cxd5 Nxd5 6. Bg2 g6 7. d3 Bg7 8. Bd2
Nxc3 9. Bxc3 e5 10. O-O Be6 11. a4 Bd5 12. Nd2 Bxg2 13. Kxg2 Qd5+ 14. Kg1 O-O
15. Qb3 Qxb3 16. Nxb3 b6 17. a5 Rfd8 18. Ra2 e4 19. dxe4 c4 20. Nd2 Bxc3 21.
bxc3 Nxa5 22. Rb1 Rd7 23. Rb4 Rc8 24. f4 f6 25. Kf2 Rc5 26. h4 h5 27. Ke3 Kf7
28. Rb1 Nb3 29. Nxb3 cxb3 30. Rxb3 Rc4 31. Rba3 Re7 32. Rxa7 Rcxe4+ 33. Kf2
Rxe2+ 34. Rxe2 Rxa7 35. Rb2 Ra3 36. Rxb6 Rxc3 37. Kg2 Rc2+ 38. Kf3 Rc3+ 1/2-1/2

[Event "Deutschland Grand Prix 2022"]
[Site "Dortmund"]
[Date "24.07.2022"]
[Round "7"]
[White "Bluebaum, Matthias"]
[Black "Deac, Bogdan-Daniel"]
[Result "1/2-1/2"]
[WhiteElo "2673"]
[BlackElo "2692"]
[PlyCount "120"]
[EventDate "2022.??.??"]

1. d4 d5 2. c4 c6 3. e3 Nf6 4. Qc2 g6 5. Nf3 Bg7 6. Be2 O-O 7. O-O Bg4 8. h3
Bxf3 9. Bxf3 e6 10. Nc3 Nbd7 11. b3 Rc8 12. Ba3 Re8 13. Bd6 e5 14. dxe5 Nxe5
15. Bxe5 Rxe5 16. cxd5 cxd5 17. Qd3 Ne4 18. Nxe4 dxe4 19. Bxe4 Rxe4 20. Qxe4
Bxa1 21. Rxa1 b6 22. a4 a5 23. b4 axb4 24. Qxb4 Rc2 25. Qf4 h5 26. Rb1 h4 27.
Rb4 g5 28. Rd4 Qe7 29. Qd6 Qxd6 30. Rxd6 Ra2 31. Rd4 f6 32. f4 Kf7 33. fxg5
fxg5 34. Rb4 Ke7 35. Kf1 Kf7 36. Rb5 g4 37. hxg4 Rxa4 38. Rxb6 Rxg4 39. Kf2 Kg7
40. Rd6 Rg5 41. Rd4 Rh5 42. Rg4+ Kf6 43. Rf4+ Kg5 44. Rf3 Kg4 45. Rf8 Rh7 46.
Ke2 Rg7 47. Kf2 Rh7 48. Rf6 h3 49. gxh3+ Rxh3 50. Ke2 Rh1 51. Kd3 Kg5 52. Rf8
Ra1 53. e4 Ra3+ 54. Kd4 Ra4+ 55. Kd5 Ra5+ 56. Kd6 Ra6+ 57. Kd7 Ra7+ 58. Kd8
Ra8+ 59. Ke7 Rxf8 60. Kxf8 Kf4 1/2-1/2

[Event "Deutschland Grand Prix 2022"]
[Site "Dortmund"]
[Date "24.07.2022"]
[Round "7"]
[White "Svane, Rasmus"]
[Black "L'Ami, Erwin"]
[Result "1/2-1/2"]
[WhiteElo "2649"]
[BlackElo "2634"]
[PlyCount "118"]
[EventDate "2022.??.??"]

1. Nf3 c5 2. c4 Nc6 3. Nc3 e5 4. g3 g6 5. Bg2 Bg7 6. a3 a5 7. d3 Nge7 8. Nd2
O-O 9. Nf1 Rb8 10. Rb1 d6 11. Ne3 Bd7 12. Bd2 Nd4 13. b4 axb4 14. axb4 cxb4 15.
Rxb4 b5 16. cxb5 Nxb5 17. Ned5 Nxd5 18. Nxd5 Nc7 19. O-O Nxd5 20. Bxd5 Qe7 21.
Qb3 Rxb4 22. Bxb4 Rc8 23. Ba3 Bf8 24. Rb1 Qe8 25. Qa2 Bc6 26. Rb6 Qd7 27. Qc4
Bxd5 28. Qxd5 Re8 29. e4 Rd8 30. Rb7 Qe8 31. Kg2 Rd7 32. Rb6 Qe7 33. h4 Kg7 34.
Bc1 h5 35. Bg5 f6 36. Be3 Qf7 37. Qa8 Kh7 38. Rb8 Bg7 39. Qc6 d5 40. Rb5 dxe4
41. dxe4 Rc7 42. Qa8 Qd7 43. Rb6 Qf7 44. Rb8 Rd7 45. Qc6 Rc7 46. Qb5 Rd7 47.
Qb3 Qxb3 48. Rxb3 Rc7 49. Kf3 Kg8 50. Rb4 Kf7 51. g4 hxg4+ 52. Kxg4 Bf8 53. Ra4
Be7 54. h5 gxh5+ 55. Kxh5 Rb7 56. Kg4 Kg6 57. Ra7 Rxa7 58. Bxa7 Bd6 59. Be3 Be7
1/2-1/2

[Event "Deutschland Grand Prix 2022"]
[Site "Dortmund"]
[Date "24.07.2022"]
[Round "7"]
[White "Navara, David"]
[Black "Eljanov, Pavel"]
[Result "1/2-1/2"]
[WhiteElo "2688"]
[BlackElo "2681"]
[PlyCount "81"]
[EventDate "2022.??.??"]

1. d4 Nf6 2. c4 e6 3. Nf3 d5 4. Nc3 Nbd7 5. cxd5 exd5 6. Bf4 c6 7. Qc2 Nh5 8.
Bg5 Be7 9. Bxe7 Qxe7 10. e3 g6 11. O-O-O Nb6 12. Bd3 Bg4 13. h3 Bxf3 14. gxf3
O-O-O 15. Qb3 Qc7 16. Kb1 Kb8 17. Rc1 Nf6 18. Rc2 Nc8 19. Na4 Nb6 20. Rhc1 Nfd7
21. Nc3 Qh2 22. Qb4 Qxh3 23. a4 Qe6 24. a5 Nc4 25. Bxc4 dxc4 26. Ne4 c5 27.
dxc5 Ne5 28. Nd6 Qd5 29. Rxc4 Nxc4 30. Rxc4 Rd7 31. a6 Qxf3 32. Nxb7 Ka8 33. c6
Rc7 34. Qd6 Rhc8 35. e4 Qxf2 36. Rd4 Qf1+ 37. Rd1 Qe2 38. Rd4 Qf1+ 39. Rd1 Qe2
40. Rd4 Qf1+ 41. Rd1 1/2-1/2